EURO 2020 - All Goalscorers - Statistics

General Stats
  • This quiz has been taken 51 times
    27 since last reset
  • The average score is 36 of 91
Answer Stats
Answer % Correct
Harry Kane
91%
Cristiano Ronaldo
87%
Alvaro Morata
83%
Paul Pogba
83%
Romelu Lukaku
83%
Federico Chiesa
78%
Leonardo Bonucci
78%
Luka Modric
78%
Ciro Immobile
74%
Patrik Schick
74%
Raheem Sterling
74%
Kevin De Bruyne
70%
Antoine Griezmann
65%
Harry Maguire
65%
Karim Benzema
65%
Thorgan Hazard
65%
Luke Shaw
57%
OG Pedri
57%
Robert Lewandowski
57%
Memphis Depay
52%
Xherdan Shaqiri
52%
Breel Embolo
48%
Emil Forsberg
48%
Lorenzo Insigne
48%
Mikkel Damsgaard
48%
Oleksandr Zinchenko
48%
Adam Szalai
43%
Andriy Yarmolenko
43%
Ferran Torres
43%
Goran Pandev
43%
Ivan Perisic
43%
Kai Havertz
43%
Nicolo Barella
43%
OG Simon Kjaer
43%
Diogo Jota
39%
Joakim Maehle
39%
Jordan Henderson
39%
Manuel Locatelli
39%
Marko Arnautovic
39%
Yussuf Poulsen
39%
Aaron Ramsey
35%
Andreas Christensen
35%
Georginio Wijnaldum
35%
Mario Gavranovic
35%
Mario Pasalic
35%
Mikel Oyarzabal
35%
Mislav Orsic
35%
OG Raphael Guerreiro
35%
Raphael Guerreiro
35%
Roman Yaremchuk
35%
Aymeric Laporte
30%
Connor Roberts
30%
Karol Linetty
30%
Leon Goretzka
30%
Martin Braithwaite
30%
Matteo Pessina
30%
Milan Skriniar
30%
Nikola Vlasic
30%
OG Mats Hummels
30%
OG Merih Demiral
30%
OG Ruben Dias
30%
Robin Gosens
30%
Artem Dzyuba
26%
Attila Fiola
26%
Denzel Dumfries
26%
Ezgjan Alioski
26%
Haris Seferovic
26%
Kasper Dolberg
26%
Kieffer Moore
26%
Thomas Meunier
26%
Aleksey Miranchuk
22%
Andras Schafer
22%
Artem Dovbyk
22%
Cesar Azpilicueta
22%
Irfan Kahveci
22%
Michael Gregoritsch
22%
OG Wojciech Szczesny
22%
Pablo Sarabia
22%
Sasa Kalajdzic
22%
Thomas Delaney
22%
Callum McGregor
17%
Christoph Baumgartner
17%
Joel Pohjanpalo
17%
OG Martin Dubravka
17%
Stefan Lainer
17%
Wout Weghorst
17%
OG Denis Zakaria
13%
OG Juraj Kucka
13%
OG Lukas Hradecky
13%
Tomas Holes
13%
Viktor Claesson
13%
No matching quizzes found
Score Distribution
Percent of People with Each Score
Percentile by Number Answered
Your Score History
You have not taken this quiz since the last reset